| 000 | 00700nam a22001577a 4500 | ||
|---|---|---|---|
| 040 | _cNUST | ||
| 082 | _a200 | ||
| 100 |
_aSattar Humayun _935014 |
||
| 110 |
_aSupervisor: Dr. Syed Tasweer Hussain Shah _995941 |
||
| 245 |
_aA Study of Relationships among Organizational Citizenship Behavior, Workaholism and Deviant Behaviors with Moderating Role of Islamic Work Ethics on Students’ Performance in Engineering Educational Institutions in Pakistan/ _cHumayun Sattar |
||
| 260 |
_aRawalpindi: _bNUST COLLEGE OF EME, _c2021. |
||
| 300 |
_a229,p; _bill; _c30,cm. |
||
| 650 |
_aPhD ENGINEERING MANAGEMENT _9124516 |
||
| 856 | _u http://10.250.8.41:8080/xmlui/handle/123456789/34762 | ||
| 942 |
_2ddc _cSC |
||
| 999 |
_c586703 _d586703 |
||